Statistics for Biggest World Cities by Letter - H

Click here to take the quiz!

General Stats

  • This quiz has been taken 39,492 times
    (21,982 since last reset)
  • The average score is 7 of 13

Answer Stats

Country Population City % Correct
Cuba2.25 milHavana
92%
Vietnam3.83 milHanoi
91%
Germany2.83 milHamburg
87%
United States6.50 milHouston
80%
Vietnam8.35 milHo Chi Minh City
80%
Zimbabwe2.40 milHarare
63%
China7.35 milHong Kong
60%
Pakistan2.15 milHyderabad
49%
India9.60 milHyderabad
49%
China8.25 milHangzhou
29%
China5.30 milHarbin
21%
China4.68 milHefei
11%
China2.75 milHuizhou
7%

Score Distribution

Percentile by Number Answered

Percent of People with Each Score

Your Score History

You have not taken this quiz since the last reset